=LDR 00000nam 2200000 4500 =001 INLIS000000000035973 =005 20130612141804 =008 ***********************************Ind** =035 ##$$0010-061300000035973 =041 ##$$a Ind =082 ##$$a 925 =090 ##$$a 925, Rah r =100 ##$$a Raharja,Jasa =245 ##$$a Rahasia sang juara,, Kisah sukses para juara olimpiade ilmu pengetahuan, Jasa Raharja =260 ##$$a Spora Communications $b Jakarta =300 ##$$a ix 105 hlm, ilus, 21 cm =850 ##$$a NBPNMAT